| 000 | 00588nam a2200181 i 4500 | ||
|---|---|---|---|
| 001 | 51189 | ||
| 003 | ES-MaACL | ||
| 005 | 20230906162321.0 | ||
| 007 | t| | ||
| 008 | 030811s1973 sp ||||1| spa d | ||
| 100 | 1 |
_aChapchal, George. _938008 |
|
| 245 | 1 | 0 |
_aTerapéutica ortopédica / _cGeorge Chapchal, Delfer Waigand ; [traducida y revisada por Jorge Ballester Soleda]. |
| 260 |
_aBarcelona : _bSalvat, _c[1973] |
||
| 300 |
_aXV, 571 p. : _bil. ; _c26 cm. |
||
| 700 | 1 |
_aWaigand, Delfer. _9115868 |
|
| 700 | 1 |
_aBallester Soleda, Jorge. _925024 |
|
| 852 |
_aES-MaACL _jC-52302 _bR.85868 |
||
| 999 |
_c51189 _d51189 |
||